=LDR 00000nam 2200000 4500 =001 INLIS000000000001907 =005 20130612090303 =008 ***********************************Ind** =035 ##$$0010-061300000001907 =041 ##$$a Ind =082 ##$$a 613.85 =090 ##$$a 613.85, Arm p =100 ##$$a Armstrong, Sue =245 ##$$a Pengaruh rokok terhadp kesehatan, Sue Amstrong ; alih bahasa, Meitasari Tjandrasa =260 ##$$a 1995 $b Jakarta =300 ##$$a 50 hlm, ilus, 19 cm =650 ##$$a Rokok-aspek kesehatan =700 ##$$a Candrasa, Meitasari =850 ##$$a NBPNMAT